Управление переносом электродного металла при дуговой сварке в защитных газах; Прогрессивные технологии и экономика в машиностроении; Т. 1

Bibliografiske detaljer
Parent link:Прогрессивные технологии и экономика в машиностроении: сборник трудов VII Всероссийской научно-практической конференции для студентов и учащейся молодежи, г. Юрга, 7-9 апреля 2016 г./ Национальный исследовательский Томский политехнический университет (ТПУ), Юргинский технологический институт (ЮТИ) ; под ред. Д. А. Чинахова.— , 2016
Т. 1.— 2016.— [С. 105-107]
Hovedforfatter: Садыков И. Д.
Institution som forfatter: Национальный исследовательский Томский политехнический университет (ТПУ) Юргинский технологический институт (филиал) (ЮТИ) Кафедра сварочного производства (КСП)
Andre forfattere: Филонов А. В. Андрей Владимирович (научный руководитель)
Summary:Заглавие с титульного экрана
Sprog:russisk
Udgivet: 2016
Serier:Современные технологии в сварочном производстве
Fag:
Online adgang:http://earchive.tpu.ru/handle/11683/26336
Format: Electronisk Book Chapter
KOHA link:https://koha.lib.tpu.ru/cgi-bin/koha/opac-detail.pl?biblionumber=618282

MARC

LEADER 00000naa2a2200000 4500
001 618282
005 20231102023725.0
035 |a (RuTPU)RU\TPU\conf\16664 
035 |a RU\TPU\conf\16663 
090 |a 618282 
100 |a 20160530d2016 k y0rusy50 ca 
101 0 |a rus 
102 |a RU 
105 |a y z 101zy 
135 |a drcn ---uucaa 
181 0 |a i  
182 0 |a b 
200 1 |a Управление переносом электродного металла при дуговой сварке в защитных газах  |f И. Д. Садыков  |g науч. рук. А. В. Филонов 
203 |a Текст  |c электронный 
225 1 |a Современные технологии в сварочном производстве 
230 |a 1 компьютерный файл (pdf; 265 Кb) 
300 |a Заглавие с титульного экрана 
320 |a [Библиогр.: с. 107 (3 назв.)] 
461 1 |0 (RuTPU)RU\TPU\conf\16596  |t Прогрессивные технологии и экономика в машиностроении  |o сборник трудов VII Всероссийской научно-практической конференции для студентов и учащейся молодежи, г. Юрга, 7-9 апреля 2016 г.  |o в 2 т.  |f Национальный исследовательский Томский политехнический университет (ТПУ), Юргинский технологический институт (ЮТИ) ; под ред. Д. А. Чинахова  |d 2016 
463 1 |0 (RuTPU)RU\TPU\conf\16598  |t Т. 1  |v [С. 105-107]  |d 2016 
610 1 |a труды учёных ТПУ 
610 1 |a электронный ресурс 
610 1 |a дуговая сварка 
610 1 |a сварные швы 
610 1 |a электроды 
610 1 |a технологические возможности 
610 1 |a замыкания 
700 1 |a Садыков  |b И. Д. 
702 1 |a Филонов  |b А. В.  |c специалист в области сварочного производства  |c старший преподаватель Юргинского технологического института (филиала) Томского политехнического университета  |f 1971-  |g Андрей Владимирович  |2 stltpush  |4 727  |9 16290 
712 0 2 |a Национальный исследовательский Томский политехнический университет (ТПУ)  |b Юргинский технологический институт (филиал) (ЮТИ)  |b Кафедра сварочного производства (КСП)  |h 355  |2 stltpush  |3 (RuTPU)RU\TPU\col\18891 
801 2 |a RU  |b 63413507  |c 20160629  |g RCR 
856 4 |u http://earchive.tpu.ru/handle/11683/26336 
942 |c BK